000 00263nam a22001097a 4500
008 170123b xxu||||| |||| 00| 0 eng d
020 _a9780323074292
041 _aeng
080 _210TH
_a618.2
245 _aMATERNITY & WOMEN'S HEALTH CARE
_cPERRY
942 _2udc
_cBK
999 _c3413
_d3413